Discursos y políticas de inmigración en Costa Rica: 1862-1943 /
El objetivo del artículo es responder a las siguientes preguntas: ¿Cuál fue el discurso o discursos sobre la inmigración en el pasado? ¿Cuál fue la manera de actuar del Estado costarricense ante el fenómeno migratorio? ¿Se ocupó el Estado costarricense de proteger o consolidar una identidad particul...
Đã lưu trong:
| Tác giả chính: | |
|---|---|
| Định dạng: | Texto |
| Những chủ đề: | |
| Các nhãn: |
Thêm thẻ
Không có thẻ, Là người đầu tiên thẻ bản ghi này!
|
MARC
| LEADER | 00000 a a2200000 04500 | ||
|---|---|---|---|
| 001 | 8619 | ||
| 003 | |||
| 040 | |||
| 100 | |a Soto Quirós, Ronald | ||
| 245 | |a Discursos y políticas de inmigración en Costa Rica: 1862-1943 / |c Ronald Soto Quirós | ||
| 520 | |a El objetivo del artículo es responder a las siguientes preguntas: ¿Cuál fue el discurso o discursos sobre la inmigración en el pasado? ¿Cuál fue la manera de actuar del Estado costarricense ante el fenómeno migratorio? ¿Se ocupó el Estado costarricense de proteger o consolidar una identidad particular? En 1942, el Reglamento del Departamento de Inmigración utiliza el criterio de "desafinidad con la población nacional" (RCR 1942: 13). Así, lo que busca el autor es precisamente saber quiénes eran particularmente afines o desafines a lo nacional. Estas son las interrogantes básicas que se plantean en este artículo | ||
| 650 | |a DISCURSOS | ||
| 650 | |a POLITICA MIGRATORIA | ||
| 650 | |a COSTA RICA | ||
| 650 | |a HISTORIA SOCIAL | ||
| 650 | |a IDENTIDAD CULTURAL | ||
| 650 | |a LEGISLACION | ||
| 773 | |g volumen 5, número 19; páginas 119-133 | ||
| 999 | |c 36146 |d 36146 | ||
